000 00984nam a22002297a 4500
005 20250507164202.0
008 250507b |||||||| |||| 00| 0 eng d
020 _a9780198930693
037 _cTexual
040 _aRTL
_cRTL
084 _aY2.2 R4
_qRTL
245 _aFamily studies
260 _aOxford
_bOxford University Press
_c2024
300 _axvi, 358 p. :ill.
_bIncludes bibliographical references and index
490 _aOxford studies in contemporary Indian society
520 _aFills the vacuum in the fields of family, kinship, and marriage studies that has existed since the early 1990s Expands the narrow scope of existing studies on family in the Indian context and presents crucial new research directions Brings together contributions from a diverse range of early- and mid-career as well as senior scholars
650 _aFamily
650 _aKinship
650 _aMarriage
700 _aAgrawal, Anuja
_eEditor
942 _2CC
_n0
_cTB
_hY2.2 R4
999 _c1320369
_d1320369